Statistiche per REGIONI REGNO UNITO

Clicka qui per fare il quiz!

Statistiche generali

  • Questo quiz è stato fatto 20 volte
  • Il punteggio medio è 4 su 11

Statistiche sulle risposte

REGIONI% Corretto
GALLES
85%
SCOZIA
85%
IRLANDA DEL NORD
77%
LONDRA
54%
NORD EST
15%
NORD OVEST
15%
SUD EST
15%
SUD OVEST
15%
MIDLANDS OCCIDENTALI
0%
MIDLANDS ORIENTALI
0%
YORKSHIRE E HUMBER
0%

Distribuzione punteggi

Percentile per numero di risposta

Percentuale di utenti per punteggio

I tuoi punteggi nel tempo

Non hai fatto questo quiz